Business ethics: (Record no. 851)

MARC details
000 -LEADER
fixed length control field 00772nam a22002057a 4500
005 - DATE AND TIME OF LATEST TRANSACTION
control field 20230202013026.0
008 - FIXED-LENGTH DATA ELEMENTS--GENERAL INFORMATION
fixed length control field 230202b |||||||| |||| 00| 0 eng d
020 ## - INTERNATIONAL STANDARD BOOK NUMBER
International Standard Book Number 978-0-07-299690-6
082 ## - DEWEY DECIMAL CLASSIFICATION NUMBER
Classification number 174.4 G61 2006
100 ## - MAIN ENTRY--PERSONAL NAME
Personal name Goodpaster, Kenneth E.
Relator term author
245 ## - TITLE STATEMENT
Title Business ethics:
Remainder of title policies and persons /
Statement of responsibility, etc. Kenneth E, Goodpaster, Laura L. Nash, Henri-Claude de Bettignios
250 ## - EDITION STATEMENT
Edition statement 4th ed.
260 ## - PUBLICATION, DISTRIBUTION, ETC.
Place of publication, distribution, etc. Boston:
Name of publisher, distributor, etc. McGraw-Hill/Irwin,
Date of publication, distribution, etc. c2006.
300 ## - PHYSICAL DESCRIPTION
Extent xiv, 632p.;
Other physical details ill.; maps
504 ## - BIBLIOGRAPHY, ETC. NOTE
Bibliography, etc. note Includes bibliographical references
541 ## - IMMEDIATE SOURCE OF ACQUISITION NOTE
Accession number 468 c.1, 469 c.2, 470 c.3, 471 c.4, 472 c.5, 473 c.6, 474 c.7, 475 c.8, 476 c.9, 477 c.10
650 ## - SUBJECT ADDED ENTRY--TOPICAL TERM
Topical term or geographic name entry element Business ethics
700 ## - ADDED ENTRY--PERSONAL NAME
Personal name Nash, Laura, L.
Relator term author
700 ## - ADDED ENTRY--PERSONAL NAME
Personal name Bettignios, Henrin-Claude
Relator term author
Holdings
Withdrawn status Lost status Source of classification or shelving scheme Damaged status Not for loan Home library Current library Date acquired Total Checkouts Full call number Barcode Date last seen Copy number Price effective from Koha item type
    Dewey Decimal Classification     ctu-moalboal ctu-moalboal 06/13/2011   174.4 G61 2006 468 02/02/2023 1 02/02/2023 Books-Reference
    Dewey Decimal Classification     ctu-moalboal ctu-moalboal 06/13/2011   174.4 G61 2006 469 02/02/2023 2 02/02/2023 Books-Reference
    Dewey Decimal Classification     ctu-moalboal ctu-moalboal 06/13/2011   174.4 G61 2006 470 02/02/2023 3 02/02/2023 Books-Reference
    Dewey Decimal Classification     ctu-moalboal ctu-moalboal 06/13/2011   174.4 G61 2006 473 02/02/2023 6 02/02/2023 Books-Reference
    Dewey Decimal Classification     ctu-moalboal ctu-moalboal 06/13/2011   174.4 G61 2006 474 02/02/2023 7 02/02/2023 Books-Reference
    Dewey Decimal Classification     ctu-moalboal ctu-moalboal 06/13/2011   174.4 G61 2006 475 02/02/2023 8 02/02/2023 Books-Reference
    Dewey Decimal Classification     ctu-moalboal ctu-moalboal 06/13/2011   174.4 G61 2006 476 02/02/2023 9 02/02/2023 Books-Reference
    Dewey Decimal Classification     ctu-moalboal ctu-moalboal 06/13/2011   174.4 G61 2006 477 02/02/2023 10 02/02/2023 Books-Reference